Reflexiones sobre el sistema de justicia penal juvenil /

Guardado en:
Autor Corporativo: Consejo de la Magistratura de la Ciudad Autónoma de Buenos Aires.
Formato: Desconocido
Idioma:Spanish
Publicado: Ciudad Autónoma de Buenos Aires : Editorial Jusbaires, 2017.
Edición:1a. ed.
Series:Colección Doctrina
Materias:
Etiquetas: Agregar Etiqueta
Sin Etiquetas, Sea el primero en etiquetar este registro!
LEADER 00693nac a22001815a 4500
001 DER.der014110
008 190918i2017####ag#||||||||||||||#||spa||
005 20240306094045.0
245 1 0 |a Reflexiones sobre el sistema de justicia penal juvenil /  |c Consejo de la Magistratura de la Ciudad Autónoma de Buenos Aires. 
250 |a 1a. ed. 
260 |a Ciudad Autónoma de Buenos Aires :  |b Editorial Jusbaires,  |c 2017. 
300 |a 246 p. 
440 0 |a Colección Doctrina 
110 2 |a Consejo de la Magistratura de la Ciudad Autónoma de Buenos Aires. 
650 7 |a INTERES SUPERIOR DEL NIÑO 
650 7 |a DERECHO A LA VIDA 
650 7 |a SISTEMA INTERAMERICANO 
859 |a DERECHO  |b BIB. DERECHO  |h 345  |i REF  |p 009328